000 01405nam a2200349Ia 4500
001 ebr2001687
003 CaPaEBR
006 m u
007 cr cn|||||||||
008 030217s2001 enk s 000 0 eng d
020 _z9781843270973
020 _z1843270978
040 _aCaPaEBR
_cCaPaEBR
035 _a(OCoLC)70758736
050 1 4 _aHB501.M48
_bE3 2001 v.1eb
082 0 4 _a335.4/1
_222
100 1 _aMarx, Karl,
_d1818-1883.
245 1 0 _aCapital
_h[electronic resource] :
_ba critique of political economy.
_nVol. I, Book one,
_pThe process of production of capital /
_cKarl Marx ; translated from the third German edition by Samuel Moore and Edward Aveling ; edited by Frederick Engels.
260 _aLondon :
_bElectric Book Co.,
_cc2001.
300 _a1134 p.
500 _aCover title : Capital, Volume I.
533 _aElectronic reproduction.
_bPalo Alto, Calif. :
_cebrary,
_d2013.
_nAvailable via World Wide Web.
_nAccess may be limited to ebrary affiliated libraries.
650 0 _aCapital.
650 0 _aEconomics.
650 0 _aSocialism.
655 7 _aElectronic books.
_2local
700 1 _aAveling, Edward B.,
_d1849-1898.
700 1 _aEngels, Friedrich,
_d1820-1895.
700 1 _aMoore, Samuel.
710 2 _aebrary, Inc.
856 4 0 _uhttp://site.ebrary.com/lib/rucke/Doc?id=2001687
_zAn electronic book accessible through the World Wide Web; click to view
999 _c230533
_d230533